000
00464nam a2200169Ia 4500
008
090711s9999 xx 000 0 und d
082
_b
25969
100
_a
कंटक सां. घ.
245
_a
डोळस आंधळा
260
_c
1972
300
_a
107
600
_a
कंटक सां. घ.
630
_a
डोळस आंधळा
700
_a
कंटक सां. घ.
730
_a
डोळस आंधळा
942
_c
BOOK
999
_c
298665
_d
298665